MARC

LEADER 00000nam0a2200000 4500
001 320226
005 20231102003246.0
035 |a (RuTPU)RU\TPU\book\345756 
090 |a 320226 
100 |a 20160629d1972 km y0rusy50 ca 
101 0 |a rus 
102 |a RU 
105 |a a z 001zy 
200 1 |a Рационализация управления в НИИ и КБ  |f В. Н. Архангельский 
210 |a Москва  |c Экономика  |d 1972 
215 |a 151 с.  |c черт. 
320 |a Библиогр.: с. 149-150 
606 1 |a Конструкторские бюро  |x Управление  |2 stltpush  |3 (RuTPU)RU\TPU\subj\15419  |9 41659 
606 1 |a Научные учреждения  |y СССР  |y Россия  |2 stltpush  |3 (RuTPU)RU\TPU\subj\45179  |9 64440 
610 1 |a НИИ 
610 1 |a научно-исследовательские институты 
610 1 |a планирование 
610 1 |a рационализация 
610 1 |a оперативно-календарное планирование 
610 1 |a оптимизация 
610 1 |a технические средства 
675 |a 658.512.2  |v 4 
686 |a Ч214(2)7  |v LBC/SL-A  |2 rubbk 
700 1 |a Архангельский  |b В. Н.  |g Виктор Николаевич 
801 1 |a RU  |b 63413507  |c 20160629 
801 2 |a RU  |b 63413507  |c 20200603  |g RCR 
942 |c BK